Normal view
MARC view
- Sullivan, Rocky
Entry Personal Name
001 - CONTROL NUMBER
- control field: 112035
003 - CONTROL NUMBER IDENTIFIER
- control field: NUST
005 - DATE AND TIME OF LATEST TRANSACTION
- control field: 20230502151415.0
008 - FIXED-LENGTH DATA ELEMENTS
- fixed length control field: 230502|| aca||aabn | a|a d
040 ## - CATALOGING SOURCE
- Original cataloging agency: NUST
- Transcribing agency: NUST
100 ## - HEADING--PERSONAL NAME
- Personal name: Sullivan, Rocky
670 ## - SOURCE DATA FOUND
- Source citation: Work cat.: (NUST)0: Goodwin, Jan 112033, Caught in the crossfire, p1984.
